[Event "27th Kavala Open 2018"]
[Site "Kavala"]
[Date "2018.08.08"]
[Round "6"]
[White "Isaakidis, Alexandros"]
[Black "Magalashvili, Davit"]
[Result "0-1"]
[WhiteElo "2137"]
[BlackElo "2508"]
[Annotator "ChessBase"]
[PlyCount "106"]
[EventDate "2018.08.06"]
[EventType "swiss"]
[EventCountry "GRE"]
[SourceTitle "playchess.com"]
[Source "ChessBase"]
[SourceQuality "1"]
[TimeControl "40/5400+30:900+30"]

1. e4 {[%emt 0:02:32]} c5 {[%emt 0:00:01]} 2. Nf3 {[%emt 0:00:06]} d6 {[%emt 0:00:04]} 3. d4 {[%emt 0:00:08]} cxd4 {[%emt 0:00:05]} 4. Nxd4 {[%emt 0:00:06]} Nf6 {[%emt 0:00:02]} 5. Nc3 {[%emt 0:00:10]} a6 {[%emt 0:00:10]} 6. h3 {[%emt 0:00:21]} e6 {[%emt 0:00:58]} 7. g4 {[%emt 0:00:06]} d5 {[%emt 0:00:03]} 8. Nde2 {[%emt 0:00:54]} Bb4 {[%emt 0:07:19]} 9. a3 {[%emt 0:02:59]} Ba5 {[%emt 0:07:25]} 10. b4 {[%emt 0:06:17]} Bb6 {[%emt 0:01:24]} 11. g5 {[%emt 0:09:18]} Nxe4 {[%emt 0:01:50]} 12. Nxe4 {[%emt 0:00:08]} dxe4 {[%emt 0:00:06]} 13. Qxd8+ {[%emt 0:00:05]} Bxd8 {[%emt 0:00:32]} 14. Ng3 {[%emt 0:05:46]} Bd7 {[%emt 0:01:29]} 15. Nxe4 {[%emt 0:01:55]} Bc6 {[%emt 0:00:04]} 16. Bg2 {[%emt 0:00:44]} O-O {[%emt 0:00:38]} 17. O-O {[%emt 0:03:37]} Be7 {[%emt 0:05:37]} 18. Bf4 {[%emt 0:05:39]} Nd7 {[%emt 0:00:55]} 19. Rfd1 {[%emt 0:05:44]} Nb6 {[%emt 0:03:31]} 20. Bd6 {[%emt 0:02:04]} Rfe8 {[%emt 0:01:48]} 21. Bxe7 {[%emt 0:20:25]} Rxe7 {[%emt 0:01:02]} 22. Nd6 {[%emt 0:00:27]} Bxg2 {[%emt 0:00:56]} 23. Kxg2 {[%emt 0:00:25]} Rc7 {[%emt 0:00:18]} 24. c4 {[%emt 0:01:55]} Nxc4 {[%emt 0:06:41]} 25. Nxc4 {[%emt 0:12:02]} Rxc4 {[%emt 0:00:36]} 26. Rac1 {[%emt 0:00:01]} Rxc1 {[%emt 0:10:14]} 27. Rxc1 {[%emt 0:00:15]} h6 {[%emt 0:00:25]} 28. h4 {[%emt 0:02:03]} hxg5 {[%emt 0:07:05]} 29. hxg5 {[%emt 0:00:14]} Rd8 {[%emt 0:08:18]} 30. g6 {[%emt 0:06:03]} fxg6 {[%emt 0:01:52]} 31. Rc7 {[%emt 0:00:16]} b5 {[%emt 0:16:42]} 32. Rc6 {[%emt 0:00:36]} Kf7 {[%emt 0:00:08]} 33. Rxa6 {[%emt 0:00:30]} Kf6 {[%emt 0:00:24]} 34. Rb6 {[%emt 0:01:28]} Rd5 {[%emt 0:03:09]} 35. Rb7 {[%emt 0:00:08]} g5 {[%emt 0:00:24]} 36. Rb8 {[%emt 0:01:13]} g4 {[%emt 0:02:20]} 37. Rf8+ {[%emt 0:03:36]} Kg5 {[%emt 0:00:36]} 38. Re8 {[%emt 0:00:45]} Kf5 {[%emt 0:00:39]} 39. Rf8+ {[%emt 0:01:12]} Ke4 {[%emt 0:01:30]} 40. Kg3 {[%emt 0:00:00]} Rf5 {[%emt 0:00:00]} 41. Rc8 {[%emt 0:11:10]} Rf3+ {[%emt 0:07:00]} 42. Kg2 {[%emt 0:00:00]} Rxa3 {[%emt 0:03:22]} 43. Rb8 {[%emt 0:00:24]} Kf4 {[%emt 0:00:47]} 44. Rf8+ {[%emt 0:00:34]} Kg5 {[%emt 0:00:42]} 45. Rb8 {[%emt 0:01:09]} g3 {[%emt 0:02:54]} 46. Rxb5+ {[%emt 0:02:54]} Kg4 {[%emt 0:04:37]} 47. Re5 {[%emt 0:01:54]} Ra2 {[%emt 0:00:13]} 48. Rxe6 {[%emt 0:00:10]} Rxf2+ {[%emt 0:00:41]} 49. Kg1 {[%emt 0:00:19]} Rb2 {[%emt 0:00:06]} 50. Re1 {[%emt 0:00:52]} Kh3 {[%emt 0:00:39]} 51. Ra1 {[%emt 0:00:51]} Rxb4 {[%emt 0:00:22]} 52. Rc1 {[%emt 0:00:06]} Rb3 {[%emt 0:00:51]} 53. Rf1 {[%emt 0:05:12]} g5 {[%emt 0:00:08]} 0-1

[Event "27th Kavala Open 2018"]
[Site "Kavala"]
[Date "2018.08.09"]
[Round "7"]
[White "Nevednichy, Vladislav"]
[Black "Ladopoulos, Dimitrios"]
[Result "1-0"]
[WhiteElo "2550"]
[BlackElo "2191"]
[Annotator "TA"]
[PlyCount "125"]
[EventDate "2018.08.05"]
[EventType "swiss"]
[EventCountry "GRE"]
[SourceTitle "playchess.com"]
[Source "ChessBase"]
[SourceQuality "1"]

{[%evp 32,125,47,38,40,32,39,33,47,71,77,72,68,53,37,36,41,25,41,35,35,12,8,0,0,0,0,0,0,0,0,0,0,0,0,0,0,0,0,0,0,0,0,0,0,0,0,0,0,0,0,0,0,0,0,0,0,0,0,0,0,0,0,0,0,0,0,0,0,0,0,0,0,0,0,0,0,0,0,0,0,0,0,0,0,0,12841,12842,12842,12843,12843,12843,12844,12844,12845,12845]} 1. e4 e6 2. d4 d5 3. Nc3 Nf6 4. Bg5 dxe4 5. Nxe4 Be7 6. Bxf6 gxf6 7. Nf3 b6 8. Bb5+ c6 9. Bd3 Nd7 10. Qe2 Qc7 11. O-O-O Bb7 12. Kb1 O-O-O 13. Ba6 {C13: French: Classical System: 4 Bg5 Be7, Alekhine-Chatard Attack} (13. Rhe1 Kb8 14. g3 h6 15. Ned2 Rhe8 16. Qe3 Bf8 17. Bf1 f5 18. Ne5 Nxe5 19. dxe5 Rd7 20. Nc4 Red8 21. Rxd7 Qxd7 {0-1 (51) Flom,G (2448)-Antipov,M (2582) Bastia 2017}) 13... Rhg8 14. Bxb7+ Kxb7 15. g3 f5 16. Ned2 Bf6 17. Nc4 {LiveBook: 3 Games} Rge8 $146 ({Predecessor:} 17... Kb8 18. Nfe5 Nxe5 19. dxe5 Be7 20. f4 h6 {½-½ (61) Maly,A (2366)-Prokhorov,S (2410) Tula 2001}) 18. a4 a6 19. Nfe5 Nxe5 20. dxe5 Be7 {[#]} 21. Qh5 $1 b5 22. axb5 (22. Nd6+ {is more complex.} Bxd6 23. Rxd6 Rxd6 24. exd6 Qxd6 25. Rd1) 22... axb5 23. Nd6+ Bxd6 24. exd6 Rxd6 25. Rxd6 Qxd6 26. Qxh7 $14 {[%mdl 4096] Endgame KQR-KQR} Rf8 27. Qh5 Qc5 28. f4 Kb6 29. Qe2 Ra8 30. Rd1 b4 31. Qd2 Qa5 {[%csl Ga8][%cal Ra5a1]} 32. Qd4+ Kc7 {[%csl Ga8][%cal Ra5a1]} 33. b3 (33. Qd7+ {is interesting.} Kb6 34. Qd4+) 33... Qa2+ 34. Kc1 Qa3+ 35. Qb2 Qxb2+ (35... f6 {keeps more tension.} 36. Kb1 Qxb2+ 37. Kxb2 c5 38. Kc1 Rh8) 36. Kxb2 $11 {KR-KR} c5 37. Rh1 Rg8 38. c3 Kc6 39. Kc2 f6 40. Kd3 bxc3 41. Kxc3 Kd5 42. Rd1+ Kc6 43. Kc4 Rh8 44. Rd2 Rb8 45. Kc3 e5 46. Rf2 e4 47. Rd2 Rh8 48. Kc4 Rb8 49. h4 Rb4+ 50. Kc3 Rb8 51. h5 Rg8 52. Rg2 Kd5 53. h6 {h7 is the strong threat.} Rg6 54. Rd2+ Kc6 $1 55. Rh2 {Strongly threatening h7.} Rxg3+ 56. Kc4 {Threatens to win with h7.} Rg1 {( -> ...Rc1+)} 57. b4 Rc1+ 58. Kb3 Rb1+ $2 {[%mdl 8192] [#]} (58... e3 $11) 59. Ka2 $1 $18 {[%cal Ra2b1] White is clearly winning.} Rxb4 60. h7 Rb8 61. h8=Q Rxh8 62. Rxh8 Kd5 63. Rd8+ {Precision: White = 82%, Black = 86%.} 1-0

[Event "27th Kavala Open 2018"]
[Site "Kavala"]
[Date "2018.08.09"]
[Round "7"]
[White "Ivanov, Sergey"]
[Black "Kouskoutis, Georgios Alexandro"]
[Result "1-0"]
[WhiteElo "2535"]
[BlackElo "2302"]
[Annotator "TA"]
[PlyCount "107"]
[EventDate "2018.08.05"]
[EventType "swiss"]
[EventCountry "GRE"]
[SourceTitle "playchess.com"]
[Source "ChessBase"]
[SourceQuality "1"]

{[%evp 15,107,25,36,13,15,31,30,-29,-29,-29,-34,-21,-32,-44,0,4,8,3,39,29,43,47,87,45,126,73,159,127,137,114,90,43,42,31,50,42,48,22,52,21,16,18,54,6,29,30,98,93,109,21,37,-3,17,29,17,18,18,18,121,118,127,121,161,162,445,451,436,394,431,425,383,387,375,366,346,300,345,271,12838,12838,12838,12839,12840,12839,12844,12844,12846,12842,12842,12843,12846,12845,12844,12844]} 1. d4 Nf6 2. c4 e6 3. Nc3 Bb4 4. e3 O-O 5. Bd3 c6 6. Nf3 d5 7. O-O Nbd7 8. Bd2 Bd6 {LiveBook: 4 Games. D46: Semi-Slav: 5 e3 Nbd7 6 Bd3, Black avoids the Meran} 9. e4 {aiming for e5.} dxc4 10. Bxc4 e5 {White is slightly better.} 11. dxe5 $146 (11. Be3 $142) ({Predecessor:} 11. Bg5 exd4 12. Qxd4 Bc5 13. Qd2 Nb6 14. Bd3 Be7 15. h3 Nfd7 16. Bxe7 Qxe7 17. Rfe1 Nc5 18. Rf1 Ncd7 19. Rad1 Nc5 {½-½ (19) Lenic,L (2569)-Gritsak,O (2519) Warsaw 2008}) 11... Nxe5 $11 12. Nxe5 Bxe5 13. Qc2 Re8 14. Rad1 Qc7 {Strongly threatening ...b5.} 15. f4 Bd4+ 16. Kh1 Qe7 17. e5 Ng4 {( -> ...Qh4)} 18. Bc1 $1 Bb6 {And now ...Nxh2! would win.} ({Don't go for} 18... Qh4 $2 19. g3 $18) 19. g3 g6 (19... Be6 $14 20. Bxe6 Qxe6) 20. Qe2 (20. h3 $142 $1) 20... Nh6 (20... h5 $142) 21. f5 $1 $16 {[%cal Rf5g6]} Nxf5 22. g4 {Ne4 is the strong threat.} Qxe5 23. gxf5 Bxf5 24. Qxe5 Rxe5 25. Bf4 Ree8 26. Kg2 $36 {[%mdl 2048] White is more active.} Kg7 27. Bd3 {Black must now prevent Bxf5.} Bg4 28. Rde1 Bd4 29. Kg3 Be6 30. Re4 Bxc3 (30... Bc5 $11 {keeps the balance.}) 31. bxc3 Bxa2 {[#]} 32. Be5+ ({Better is} 32. Rxe8 $1 $16 Rxe8 33. Ra1) 32... Kg8 $11 33. Bf6 Bd5 34. Rxe8+ Rxe8 35. Kf4 h6 {Hoping for ...g5+.} 36. h4 b5 {[#]} (36... c5 $11 {remains equal.}) 37. Ra1 $1 $16 Re6 38. Bd4 Re7 39. Bxa7 Kg7 $2 (39... Re8 {was called for.} 40. Bd4 Kf8) 40. Bd4+ $18 f6 41. Rg1 g5+ 42. hxg5 hxg5+ 43. Rxg5+ Kf7 44. Rf5 Ke6 45. Rxf6+ Kd7 46. Be5 Rf7 $2 (46... Kc8 47. Rh6 Rf7+ 48. Bf5+ Kb7) 47. Bf5+ {White is clearly winning.} Ke7 48. Rh6 Ke8 49. Bf6 Rf8 50. Ke5 Rg8 51. Kd6 Kf7 52. Be5 Rg1 53. Rf6+ Kg8 54. Rg6+ {Precision: White = 60%, Black = 28%.} 1-0

[Event "27th Kavala Open 2018"]
[Site "Kavala"]
[Date "2018.08.09"]
[Round "7"]
[White "Kelires, Andreas"]
[Black "Plat, Vojtech"]
[Result "1/2-1/2"]
[WhiteElo "2531"]
[BlackElo "2524"]
[Annotator "TA"]
[PlyCount "80"]
[EventDate "2018.08.05"]
[EventType "swiss"]
[EventCountry "GRE"]
[SourceTitle "playchess.com"]
[Source "ChessBase"]
[SourceQuality "1"]

{[%evp 14,80,31,26,62,39,37,27,69,69,96,81,93,74,102,90,110,93,100,93,84,83,85,87,91,69,112,15,15,3,20,21,43,21,16,20,7,-52,-53,-53,-53,-54,-66,-58,-54,-70,-56,-50,-53,-56,-58,-84,0,0,0,0,0,0,0,0,0,0,0,0,0,0,0,0,0]} 1. c4 g6 2. Nc3 Nf6 3. e4 e5 4. g3 Bg7 5. Bg2 O-O 6. Nge2 d6 7. d3 c6 8. O-O {LiveBook: 181 Games} Ne8 {A24: English Opening vs King's Indian: Lines without ...Nc6} 9. d4 exd4 $146 ({Predecessor:} 9... Nd7 10. b3 f5 11. Be3 Qe7 12. f3 Ndf6 13. d5 c5 14. Rb1 b6 15. b4 cxb4 16. Rxb4 {0-1 (26) Reich,T (2355)-Dolmatov,S (2640) Passau 1996}) 10. Nxd4 Nd7 {White has an edge.} 11. b3 Ne5 12. h3 Qa5 13. Bb2 Nf6 14. Qc2 Re8 15. Rad1 Ned7 {[%cal Be5d7,Bd7c5,Bc5e6][%mdl 32]} 16. Rfe1 Nc5 17. a3 {[#] b4 is the strong threat.} Qc7 18. b4 Ne6 19. Nb3 h5 20. h4 (20. f4 $16) 20... Ng4 $11 21. Ne2 Ne5 22. Nf4 Qe7 23. Nxe6 Qxe6 24. c5 dxc5 $1 25. f4 (25. Nxc5 $11 Qa2 26. Rd2) 25... Qc4 $15 26. Qxc4 Nxc4 27. Bxg7 Kxg7 28. Nxc5 Nxa3 {Threatens to win with ...Nc2.} 29. Rc1 a5 30. bxa5 Rxa5 31. Red1 Nb5 32. e5 f6 (32... Ra3 $17 33. Kh2 Ra2) 33. Nxb7 $1 $11 {The position is equal.} Bxb7 34. Rd7+ Kh6 {[#] And now ...Bc8 would win.} 35. Rxb7 Nd4 {Strongly threatening ...Ne2+.} 36. Rd1 fxe5 37. fxe5 c5 38. Rf1 Nf5 ({Worse is} 38... Rxe5 39. Rff7 Re1+ 40. Kh2 Nf3+ 41. Bxf3 Rh1+ 42. Bxh1 Ra2+ 43. Kh3 Rh2+ 44. Kxh2 g5 45. Rf6#) 39. Be4 Rxe5 ({Don't go for} 39... Nxg3 $2 40. Rff7 $18) 40. Bxf5 Rxf5 {Precision: White = 61%, Black = 34%.} 1/2-1/2

[Event "27th Kavala Open 2018"]
[Site "Kavala"]
[Date "2018.08.09"]
[Round "7"]
[White "Iljin, Artem"]
[Black "Ambartsumova, Karina"]
[Result "1/2-1/2"]
[WhiteElo "2520"]
[BlackElo "2377"]
[Annotator "ChessBase"]
[PlyCount "20"]
[EventDate "2018.08.05"]
[EventType "swiss"]
[EventCountry "GRE"]
[SourceTitle "playchess.com"]
[Source "ChessBase"]
[SourceQuality "1"]
[TimeControl "40/5400+30:900+30"]

1. Nf3 {[%emt 0:00:07]} Nf6 {[%emt 0:00:18]} 2. d4 {[%emt 0:00:20]} d5 {[%emt 0:00:40]} 3. c4 {[%emt 0:00:18]} e6 {[%emt 0:00:28]} 4. e3 {[%emt 0:00:53]} Be7 {[%emt 0:01:47]} 5. Nc3 {[%emt 0:00:49]} O-O {[%emt 0:01:56]} 6. Bd3 {[%emt 0:01:06]} b6 {[%emt 0:01:58]} 7. O-O {[%emt 0:00:57]} Bb7 {[%emt 0:01:36]} 8. cxd5 {[%emt 0:01:02]} exd5 {[%emt 0:00:36]} 9. b3 {[%emt 0:00:54]} c5 {[%emt 0:01:05]} 10. Bb2 {[%emt 0:01:45]} Bc8 1/2-1/2

[Event "27th Kavala Open 2018"]
[Site "Kavala"]
[Date "2018.08.09"]
[Round "7"]
[White "Dimitrov, Radoslav"]
[Black "Magalashvili, Davit"]
[Result "1/2-1/2"]
[WhiteElo "2518"]
[BlackElo "2508"]
[Annotator "TA"]
[PlyCount "102"]
[EventDate "2018.08.05"]
[EventType "swiss"]
[EventCountry "GRE"]
[SourceTitle "playchess.com"]
[Source "ChessBase"]
[SourceQuality "1"]

{[%evp 15,102,10,29,-32,-32,-21,-8,-33,0,-55,-38,-69,-90,-92,-67,-68,-35,-32,-22,-21,-29,-29,-30,-42,-37,-42,-42,-40,-36,-112,-112,-108,-106,-101,-101,-111,-114,-133,-78,-82,-88,-102,-77,-78,-78,-78,-78,-78,-78,-85,-77,-83,-85,-92,-82,-72,-31,-34,-16,-20,-26,-16,0,-8,-8,-44,-44,-44,0,0,0,0,0,0,0,0,0,0,0,0,0,0,0,0,0,0,0,0,0]} 1. d4 d5 2. Nf3 Nf6 3. c4 e6 4. Nc3 Be7 5. Bg5 O-O 6. e3 h6 7. Bxf6 Bxf6 8. Qc2 Na6 {LiveBook: 27 Partien} 9. O-O-O {D55: Damengambit (Hauptvariante, Abweichungen - Alte Lasker-Variante, etc.)} (9. Rd1 $11) (9. a3 c5 10. Rd1 dxc4 11. Bxc4 cxd4 12. exd4 Bd7 13. O-O Rc8 14. Ba2 Bc6 15. Ne5 Bxe5 16. dxe5 Qh4 {½-½ (39) Kramnik,V (2790)-Grischuk,A (2760) Moscow 2010 CBM 139 [Moradiabadi,E]}) 9... c5 $15 10. cxd5 Nb4 11. Qb3 Nxd5 $146 (11... exd5 {is interesting.} 12. a3 cxd4 13. exd4 Bg5+ 14. Nxg5 Qxg5+ 15. Rd2 Re8) ({Vorgänger:} 11... exd5 12. dxc5 Qa5 13. a3 Bxc3 14. bxc3 Nc6 15. Bb5 Be6 16. Nd4 {½-½ (24) Peters,A (2325)-Flatz,H (2302) ICCF email 2010}) 12. Ne4 (12. Nxd5 $11 Qxd5 13. Qxd5 exd5 14. dxc5) 12... cxd4 13. Nxf6+ Nxf6 14. Rxd4 Qe7 15. Qb4 Qxb4 (15... Qc7+ {with more complications.} 16. Kb1 e5 17. Rc4 Qb8 18. Be2 a5) 16. Rxb4 b6 17. Bd3 Bb7 18. Kd2 Rfd8 {[#] Droht stark ...Se4+.} 19. Ke2 Rac8 20. Rd1 Kf8 21. Rd4 Rxd4 22. Nxd4 (22. exd4 $15 Nd5 23. g3) 22... Bxg2 $17 23. f3 e5 24. Nb5 Bh3 25. e4 a5 26. Nd6 Rc7 ({Lieber} 26... Rc6 27. Nc4 Nd7) 27. Nc4 Nd7 28. Ne3 Be6 29. b3 Ke7 30. Bc4 g6 31. Bxe6 Kxe6 {[%mdl 4096] Endspiel KTS-KTS} 32. Nc4 Rc6 33. Rd5 f6 34. Rb5 g5 35. Kf2 h5 36. Kg3 {[#]} a4 $1 {[%mdl 512]} 37. h4 $1 (37. bxa4 Rxc4) 37... axb3 38. axb3 Rc8 39. Nxb6 Rb8 40. Nd5 $1 Rxb5 41. Nc7+ Kd6 42. Nxb5+ $11 {KS-KS. Die Stellung ist ausgeglichen.} Kc5 43. Nc7 Kb4 44. Ne8 Kxb3 45. Ng7 gxh4+ 46. Kxh4 Kc4 47. Kxh5 Kd3 48. Nf5 Nc5 49. Nd6 Ke2 50. Kg4 Ne6 51. Kf5 Nd4+ {Precision: Weiß = 74%, Schwarz = 71%.} 1/2-1/2

[Event "27th Kavala Open 2018"]
[Site "Kavala"]
[Date "2018.08.09"]
[Round "7"]
[White "Quparadze, Giga"]
[Black "Grigoriadis, Mihail"]
[Result "1/2-1/2"]
[WhiteElo "2517"]
[BlackElo "2230"]
[Annotator "TA"]
[PlyCount "80"]
[EventDate "2018.08.05"]
[EventType "swiss"]
[EventCountry "GRE"]
[SourceTitle "playchess.com"]
[Source "ChessBase"]
[SourceQuality "1"]

{[%evp 18,80,-9,-22,0,0,0,0,0,0,10,4,9,3,21,0,17,15,28,-12,17,14,15,0,0,0,0,0,0,0,0,0,0,0,0,0,0,0,0,0,0,0,0,0,0,-1,0,-27,0,0,0,0,0,0,0,0,0,0,0,0,0,0,0,0,0]} 1. e4 e5 2. Nf3 Nc6 3. Bb5 a6 4. Ba4 Nf6 5. Qe2 b5 6. Bb3 Bc5 7. c3 O-O 8. d3 h6 {C77: Ruy Lopez: 3...a6 4 Ba4 Nf6, unusual lines} 9. Nbd2 (9. h3 d5 10. g4 Be6 11. g5 dxe4 12. dxe4 Bxb3 13. axb3 hxg5 14. Bxg5 Qd6 15. Nbd2 Nh7 16. Rg1 Nxg5 17. Rxg5 {1-0 (33) Tiviakov,S (2569)-Sanal,V (2505) Nakhchivan 2018}) 9... d6 10. Nf1 {LiveBook: 8 Games} Ng4 11. Ne3 Nxe3 12. Bxe3 Bxe3 13. Qxe3 Ne7 $146 ({Predecessor:} 13... Rb8 14. O-O Na5 15. Nd2 Nxb3 16. axb3 {0-1 (56) Thalwitzer,D (2193)-Leniart,A (2324) Differdange 2008}) 14. d4 Ng6 15. O-O Bb7 16. Rad1 Qe7 17. Rfe1 Rfd8 18. d5 c5 19. dxc6 Bxc6 20. Bd5 Qb7 21. h4 Bxd5 22. Rxd5 Rd7 23. Red1 Rad8 24. g3 f6 25. Nd2 Ne7 26. Rd3 d5 27. Nb3 dxe4 28. Rxd7 Rxd7 29. Rxd7 Qxd7 30. Qxe4 Qd6 31. c4 f5 32. Qa8+ Kh7 33. cxb5 $1 {The position is equal.} e4 {Hoping for ...Qd1+.} 34. bxa6 Qd1+ 35. Kh2 Nd5 36. Qc8 $1 {[%cal Rc8f5]} Ne3 $1 {[%cal Re3g4]} 37. fxe3 Qe2+ 38. Kg1 Qe1+ 39. Kg2 Qe2+ 40. Kg1 Qe1+ {Precision: White = 65%, Black = 67%.} 1/2-1/2

[Event "27th Kavala Open 2018"]
[Site "Kavala"]
[Date "2018.08.09"]
[Round "7"]
[White "Hasangatin, Ramil"]
[Black "Giannoulakis, Lampros"]
[Result "1/2-1/2"]
[WhiteElo "2491"]
[BlackElo "2287"]
[Annotator "TA"]
[PlyCount "158"]
[EventDate "2018.08.05"]
[EventType "swiss"]
[EventCountry "GRE"]
[SourceTitle "playchess.com"]
[Source "ChessBase"]
[SourceQuality "1"]

{[%evp 23,158,0,0,0,0,-19,-14,-7,-10,-22,-31,-24,-26,-37,0,-10,-8,-8,-6,-18,0,-14,5,0,0,0,0,0,0,-77,-70,-70,-70,-82,-70,-70,-70,-70,-70,-70,-70,-70,-66,-70,-50,-50,0,-64,-50,-64,-69,-117,-117,-117,-117,-119,-50,-50,0,-113,0,-50,-34,-34,-34,-29,0,-34,-34,-50,-27,-27,-27,-27,-27,-27,-27,-27,-27,-27,-27,-34,0,-27,-27,-27,-27,-27,-27,-27,-27,-27,-27,-34,-34,-34,-34,-34,-34,-34,-8,-8,-8,-8,-8,-8,-8,-8,-8,-8,-8,-8,-8,-8,-8,-8,-8,-8,0,-8,0,-8,0,-8,0,0,0,0,0,0,0,0,0,0,0,-1,0]} 1. e4 c5 2. Nf3 d6 3. d4 cxd4 4. Qxd4 Nc6 5. Bb5 Bd7 6. Bxc6 Bxc6 7. c4 Nf6 8. Nc3 g6 9. Qd3 Bg7 10. Nd4 O-O 11. O-O Qb6 12. Nxc6 {B53: Sicilian: 2...d6: Lines with Qxd4} (12. Rd1 Nd7 13. b3 Nc5 14. Qe3 a5 15. Rb1 a4 16. b4 Ne6 17. Nxc6 Qxc6 18. Nd5 Rfe8 19. Bb2 Bxb2 20. Rxb2 {1-0 (33) Romanov,E (2621)-Tran,T (2522) Moscow 2018}) 12... bxc6 {LiveBook: 3 Games} 13. b3 Nd7 14. Na4 $146 ({Predecessor:} 14. Bb2 Nc5 15. Qc2 a5 16. Rab1 Rfb8 17. Ne2 Bxb2 18. Rxb2 Ne6 19. Rd1 Qc5 {0-1 (46) Zarnicki,P (2390)-Veingold,A (2465) Zaragoza 1991}) 14... Qd4 15. Qxd4 Bxd4 16. Bb2 Bxb2 17. Nxb2 Nc5 18. Rfe1 e5 19. Rad1 Rfd8 20. b4 Ne6 21. Nd3 Kf8 22. a4 (22. Rb1 {keeps more tension.} f6 23. a4 a6 24. f3 Kf7 25. Kf2) 22... a6 23. Kf1 Rab8 24. Rb1 Rb7 25. f3 Rdb8 26. Kf2 (26. Rbd1 $11) 26... Nf4 27. Nxf4 exf4 28. e5 dxe5 29. Rxe5 Rxb4 30. Rxb4 Rxb4 $17 {[%mdl 4096] Endgame KR-KR} 31. Ra5 $1 Rxc4 32. Rxa6 Rc2+ 33. Kg1 Rc1+ 34. Kf2 Rc2+ 35. Kg1 $1 c5 36. Ra7 Ra2 37. Rc7 Rxa4 38. Rxc5 Ra1+ 39. Kf2 {[#]} Ra2+ (39... Rh1 $1 $17 40. h3 Ra1) 40. Kg1 $15 Ra1+ (40... Ra4 $15) 41. Kf2 $17 {[#]} Ra2+ (41... Rh1 $1 $17 42. h3 Ra1) 42. Kg1 $15 Kg7 43. Rc4 Ra1+ 44. Kf2 Ra2+ 45. Kg1 g5 46. h4 h6 47. hxg5 hxg5 48. Rc6 Re2 49. Ra6 Re6 50. Ra2 Kg6 51. Kh2 Re3 52. Ra6+ Re6 53. Ra2 f5 54. g3 fxg3+ 55. Kxg3 Re3 56. Kf2 Rb3 57. Ra6+ Kh5 58. Ra2 Kh4 59. Kg2 f4 60. Rc2 Ra3 ({Much less strong is} 60... g4 61. fxg4 Kxg4 62. Kf2 $17) 61. Rb2 g4 62. fxg4 {The position is equal.} Kxg4 63. Rc2 Rg3+ 64. Kf2 Rh3 65. Rc8 Rh2+ 66. Kg1 Re2 {next ...Kg3 is good for Black.} 67. Kf1 Kf3 68. Rc3+ Re3 69. Rc2 Ra3 70. Rf2+ Ke4 (70... Kg4 {looks sharper.} 71. Rg2+ Rg3 72. Rc2 Rb3 73. Kf2 Rf3+) 71. Re2+ Kf3 {Threatens to win with ...Ra1+.} 72. Rf2+ Ke4 (72... Kg4 {seems wilder.} 73. Rg2+ Rg3 74. Rc2 Rf3+ 75. Kg2 Rb3) 73. Re2+ Re3 74. Ra2 Rb3 75. Kf2 Rf3+ 76. Ke2 {Strongly threatening Ra4+.} Rh3 {( -> ...Rh2+)} 77. Ra4+ Kf5 78. Ra8 Ke4 79. Ra4+ Kf5 {Precision: White = 77%, Black = 56%.} 1/2-1/2

[Event "27th Kavala Open 2018"]
[Site "Kavala"]
[Date "2018.08.09"]
[Round "7"]
[White "Petrov, Martin"]
[Black "Trimitzios, Petros"]
[Result "1-0"]
[WhiteElo "2456"]
[BlackElo "2301"]
[Annotator "TA"]
[PlyCount "105"]
[EventDate "2018.08.05"]
[EventType "swiss"]
[EventCountry "GRE"]
[SourceTitle "playchess.com"]
[Source "ChessBase"]
[SourceQuality "1"]

{[%evp 16,105,39,8,78,68,74,84,68,68,55,29,28,23,20,27,22,20,18,9,8,0,0,0,5,2,14,16,6,5,16,13,15,13,34,28,23,17,29,28,83,78,97,105,100,102,102,0,70,0,102,90,101,102,108,104,154,151,144,111,112,95,109,75,118,109,108,108,118,118,176,150,288,244,586,577,769,778,723,652,712,689,884,764,12842,12843,12848,12847,12849,12848,12849,12849]} 1. e4 e5 2. Nf3 Nc6 3. Bc4 Bc5 4. c3 Nf6 5. d3 d6 6. O-O O-O 7. h3 h6 8. Re1 Be6 {C54: Giuoco Piano: 4 c3 Nf6, main lines with 5 d4 and 5 d3} (8... a5 9. Nbd2 Be6 10. Bb5 Qb8 11. Nf1 Qa7 12. Re2 a4 13. Ng3 Qa5 14. Bxc6 bxc6 15. Nh4 Rfe8 16. Re1 {½-½ (28) Mamedyarov,S (2808)-Karjakin,S (2782) Stavanger 2018}) 9. Nbd2 {[%cal Bb1d2,Bd2c4,Bc4e3][%mdl 32] LiveBook: 3 Games} Nh5 $146 {[#]} (9... Bxc4 $11 10. Nxc4 b5) ({Predecessor:} 9... a6 10. b4 Ba7 11. Qc2 Qd7 12. Nf1 Bxc4 13. dxc4 Qe6 14. Qe2 Nh5 15. Ne3 Nf4 16. Qf1 Ne7 17. Nd5 Nexd5 18. cxd5 {0-1 (45) Ganguly,S (2652)-Almasi,Z (2689) Berlin 2015}) 10. d4 $1 $16 {[%mdl 512]} exd4 {White is slightly better.} 11. cxd4 Bxc4 12. Nxc4 Bb4 $1 {[%cal Rb4e1]} 13. Bd2 Bxd2 14. Qxd2 d5 $1 {[%cal Rd5c4]} 15. exd5 Qxd5 16. Ne3 Qd6 17. d5 Ne7 18. Nc4 Qxd5 19. Rxe7 Qxc4 20. b3 Qf4 21. Qxf4 Nxf4 22. Rxc7 b6 23. Rd1 $36 {[%mdl 2048] White has good play.} Ne6 (23... Rfc8 {seems wilder.} 24. Re7 Re8 25. Rb7 Reb8 26. Rbd7 Re8) 24. Re7 Rfe8 25. Rxe8+ Rxe8 $14 {[%mdl 4096] Endgame KRN-KRN} 26. Rd7 Ra8 27. Ne5 f6 (27... Nc5 $11 {keeps the balance.} 28. Rxf7 Re8) 28. Nc6 $16 a6 {[#]} 29. Ne7+ $1 Kf8 30. Ng6+ Kg8 31. Ne7+ Kf8 $1 32. Ng6+ Kg8 {[#]} 33. Rd6 $1 Kf7 34. Rxb6 a5 35. Nh4 a4 36. Rb7+ Kg8 37. Nf5 axb3 38. axb3 {[%cal Ba2b3,Bb3b4][%mdl 32]} Ra5 39. Ne7+ Kh7 40. b4 Ra1+ 41. Kh2 Ra2 42. Kg3 Nd4 (42... Rb2 $16) 43. Rd7 $18 Rd2 (43... Ne6 $16 {was worth a try.} 44. Nd5 f5) 44. Kg4 Rxf2 $2 (44... Re2 45. Rxd4 Rxe7) 45. Rxd4 {White is clearly winning.} Rxg2+ {KRN-KR} 46. Kf5 Re2 47. Re4 Rh2 48. h4 h5 49. Ke6 g5 50. Kxf6 gxh4 51. Nf5 Ra2 52. b5 h3 53. Rh4 {Precision: White = 75%, Black = 22%.} 1-0